000 03353cam a2201213 4500
003 PE-LiUPU
005 20250813185526.0
020 _a8478274588
035 _a(Sirsi) i9788478274581
035 _a(Sirsi) 40317
035 _a(Sirsi) 40317
041 _aes
044 _aes
082 0 4 _a371.11
_bV47
100 1 _aVera i Mur, José María
_d1953-
245 _aDirección y gestión de centros docente :
_bguía práctica para el trabajo diario del equipo /
_cJosé M® Vera, Vicente Mora y Antonio Lapeña.
264 1 _aBarcelona :
_bGraó,
_c2006
300 _a284 páginas ;
_c24 cm.
490 0 _aGraó
_v229. Acción directiva
505 0 _aAspectos legislativos básicos -- El profesorado -- Las relaciones paterno-filiales y sus repercusiones e el ámbito escolar -- La enseñanza de la religión -- Actuaciones, trámites y gestiones que se han de realizar en casos de accidentes escolares -- El alumnado en su condición de menor -- El maltrato a menores y el acoso escolar -- Actividades complementarias y extraescolar -- Consejo escolar de centro y claustro de profesores -- El reglamento de régimen interior -- Gestión administrativa y académica.
526 _aP202
526 _aP201
526 _aP163
526 _aP162
526 _aP161
526 _aP160
526 _aP148
526 _aP147
526 _aP146
526 _aP145
526 _aP144
526 _aP143
526 _aP142
526 _aP141
526 _aP140
526 _aP139
526 _aP138
526 _aP137
526 _aP136
526 _aP135
526 _aP134
526 _aP133
526 _aP129
526 _aP128
526 _aP127
526 _aP120
526 _aP119
526 _aP118
526 _aP116
526 _aP115
526 _aP114
526 _aP110
526 _aP109
526 _aP108
526 _aP104
526 _aP103
526 _aP102
526 _aP99
526 _aP98
526 _aP97
526 _aP96
526 _aP95
526 _aP93
526 _aP90
526 _aP89
526 _aP88
526 _aP83
526 _aP82
526 _aP62
526 _aP59
526 _aP58
526 _aP57
526 _aP51
526 _aP49
526 _aP48
526 _aP47
526 _aP29
526 _aP24
526 _aP20
526 _aP19
526 _aP17
526 _aP15
526 _aP14
526 _aP12
526 _aP10
526 _aP09
526 _aP08
526 _aP07
526 _aP06
526 _aP05
526 _aP04
526 _aP01
650 1 4 _aDirectores de centros docentes
_zEspaña
650 1 4 _aAdministración y organización escolar
_xDerecho
_zEspaña
700 1 _aMora, Vicente
_d1946-
_ecoaut.
700 1 _aLapeña i Riu, Antonio
_ecoaut.
942 _2ddc
_cBOOK
949 _a371.11 V47
_i57534
_lCCODEBUL1
_mBUL
_tLIBRO
_o.STAFF. Procesos
859 _q57534
_h371.11
_iV47
910 _agl20070926
596 _a1
999 _a371.11 V47
_wDEWEY
_c46564
_i57534
_f2021-11-8
_g5
_lCCODEBUL1
_mBUL
_p38.00
_r0
_sY
_tBOOK
_u2015-6-25
_xEDUCACION
_PP20
_0COMPRA
_o.STAFF. Colección General
_d46564
980 _81
_gALBERTO SANCHEZ Responsable de Automatización